书目信息 |
| 题名: |
现代空调用制冷设备
|
|
| 作者: | 郑贤德 , 李伟安 主编 | |
| 分册: | ||
| 出版信息: | 北京 电子工业出版社 1994 |
|
| 页数: | 282页 | |
| 开本: | 26cm | |
| 丛书名: | ||
| 单 册: | ||
| 中图分类: | TB66 | |
| 科图分类: | ||
| 主题词: | 空气调节-制冷装置 , 制冷装置-空气调节 , 制冷技术 | |
| 电子资源: | ||
| ISBN: | 7-5053-2006-8 | |
| 000 | 00935nam0 2200289 45 | |
| 001 | 0195015047 | |
| 005 | 20061126162207.71 | |
| 010 | @a7-5053-2006-8@dCNY18.50 | |
| 100 | @a19950424d1994 em y0chiy0121 ea | |
| 101 | 0 | @achi |
| 102 | @aCN@b110000 | |
| 105 | @ay z 000yy | |
| 200 | 10 | @a现代空调用制冷设备@AXIAN DAI KONG TIAO YONG ZHI LENG SHE BEI@f郑贤德,李伟安主编@FZHENG XIAN DE , LI WEI AN ZHU BIAN |
| 210 | @a北京@c电子工业出版社@d1994 | |
| 215 | @a282页@d26cm | |
| 314 | @a郑贤德,华中理工大学任教 | |
| 314 | @a李伟安,深圳大学任教 | |
| 330 | @a本书阐述了制冷技术基础理论,介绍了分体式空调机、立柜式空调机等的制冷循环、油路系统、电气线路等。 | |
| 540 | 1 | @a空调@AKONG TIAO |
| 606 | @a空气调节-制冷装置 | |
| 606 | @a制冷装置-空气调节 | |
| 606 | 0 | @a制冷技术 |
| 690 | @aTB66@v3 | |
| 701 | 0 | @a郑贤德@AZHENG XIAN DE@4主编 |
| 701 | 0 | @a李伟安@ALI WEI AN@4主编 |
| 801 | 0 | @aCN@bTSSF@c20061126 |
| 905 | @a10447@dTB66@e33 | |
| 现代空调用制冷设备/郑贤德,李伟安主编.-北京:电子工业出版社,1994 |
| 282页;26cm |
| ISBN 7-5053-2006-8:CNY18.50 |
| 本书阐述了制冷技术基础理论,介绍了分体式空调机、立柜式空调机等的制冷循环、油路系统、电气线路等。 |
| ● |
| 相关链接 |
|
|
|
|
正题名:现代空调用制冷设备
索取号:TB66/33
 
预约/预借
| 序号 | 登录号 | 条形码 | 馆藏地/架位号 | 状态 | 备注 |
| 1 | 0266757 | 001511046 | 第二样本阅览室/ [索取号:TB66/33] | 在馆 |